000 00632nam a2200229Ia 4500
003 OSt
005 20221007065327.0
006 a|||||r|||| 00| 0
007 ta
008 221006b |||||||| |||| 00| 0 eng d
024 _a13,053
037 _cTextual
040 _aFLL
_cFLL
_beng
041 _2eng
_aeng
082 _aV41:1902:N5, L3
100 _aRam Mohan Au.
_9686853
245 0 _aPolitics of sino-indian confrontation
260 _aDelhi
_bVikas publishing house pvt. ltd. India
_c1973
300 _a241p
_ccm.
942 _hV41:1902:N5, L3
_cTEXL
_2CC
999 _c1136987
_d1136987